00963nam a22002537a 4500003001100000005001700011008004100028020001800069040003900087041000800126082001300134100001900147245006300166260006300229650002400292700002600316700002900342700002900371942000700400952009900407952009400506952009400600999001500694LK-CoMWRAF20230911233442.0230911b2013 |||||||| |||| 00| 0 eng d a9789556250473 aLK-CoMWRAFdLK-CoMWRAFeLK-CoMWRAF aeng a378bPER aPerera, Avanka aWord of wisdom :bTeaching of the great religious teachers aColombo :bMuslim Women's research and action forum,c2013 aReligious education aHussein, Asiffecont. aUmayal, Venugopalecont. aEdirisinghe, Dayaecont. cBK 00102ddc40708RAFPaMAINbMAINd2023-09-11l0o378 PERpRAF1050r2023-09-11w2023-09-11yBK 001040708RAFPaMAINbMAINd2023-10-31l0o378 PERpRAF2435r2023-10-31w2023-10-31yBK 001040708RAFPaMAINbMAINd2023-10-31l0o378 PERpRAF2507r2023-10-31w2023-10-31yBK c3548d3548